| 000 | 00504nam a2200181Ia 4500 | ||
|---|---|---|---|
| 003 | OSt | ||
| 005 | 20191213115244.0 | ||
| 008 | 190216s9999||||xx |||||||||||||| ||und|| | ||
| 020 | _a9788121903356 | ||
| 040 | _coclc | ||
| 082 |
_a338.5201 _bAHU/P |
||
| 100 |
_aAhuja, H L _9470 |
||
| 245 | 0 |
_aPrinciples Of Microeconomics / _cH L Ahuja |
|
| 260 |
_bS Chand & Co, _c1977. _aDelhi: |
||
| 300 | _a688p | ||
| 650 | _aEconomics | ||
| 942 |
_cBK _2ddc _h338.5201 _iAHU/P _k338.5201 _mAHU/P |
||
| 999 |
_c10502 _d10502 |
||